[Event "Le Vesinet-Rueil Malmaison"]
[Site "Le Vesinet"]
[Date "2007.12.16"]
[Round "4.6"]
[White "Kirszenberg, Marc"]
[Black "Imbert, Christophe"]
[Result "1-0"]
[WhiteElo "2210"]
[BlackElo "2130"]
[PlyCount "127"]
[EventDate "2007.12.16"]
[SourceDate "2007.10.24"]

1. d4 Nf6 2. c4 g6 3. Nc3 Bg7 4. Nf3 d6 5. Bf4 O-O 6. h3 Nbd7 7. e3 Re8 8. Be2
c5 9. O-O h6 10. Re1 Qb6 11. Qc2 a6 12. d5 Nf8 13. Rad1 Rd8 14. Rd2 e5 15. dxe6
Bxe6 16. Red1 Ne8 17. g4 Rd7 18. b3 Rad8 19. Ne1 Qa5 20. Nd5 b5 21. Nf3 g5 22.
Bg3 Ng6 23. b4 cxb4 24. Nd4 Bxd4 25. Rxd4 Rc8 26. Qb3 Bxd5 27. Rxd5 Ne7 28.
R5d2 bxc4 29. Bxc4 d5 30. Bxd5 Nxd5 31. Rxd5 Rxd5 32. Rxd5 Qb6 33. Rd7 Qf6 34.
Qd5 Ng7 35. Be5 Qe6 36. Qxe6 Nxe6 37. Rb7 Rc2 38. Rxb4 Rxa2 39. Rb8+ Kh7 40.
Rh8+ Kg6 41. Rg8+ Kh7 42. Rh8+ Kg6 43. f4 gxf4 44. exf4 f5 45. Rb8 fxg4 46.
hxg4 Kf7 47. Rh8 Ra4 48. Rxh6 Re4 49. Rf6+ Ke7 50. Rf5 Nd4 51. Bxd4 Rxd4 52.
Kf2 Ke6 53. Ke3 Ra4 54. Re5+ Kf6 55. g5+ Kf7 56. Kf3 Ra1 57. Kg4 a5 58. Kf5 a4
59. Ra5 a3 60. Ra7+ Ke8 61. Kf6 Ra2 62. f5 Kd8 63. g6 Ke8 64. g7 1-0

[Event "Le Vesinet-Rueil Malmaison"]
[Site "Le Vesinet"]
[Date "2007.12.16"]
[Round "4.7"]
[White "Saglier, Paul"]
[Black "Mascla, Jean"]
[Result "1-0"]
[WhiteElo "1881"]
[BlackElo "2162"]
[PlyCount "119"]
[EventDate "2007.12.16"]
[SourceDate "2007.10.24"]

1. Nf3 d5 2. d4 c5 3. g3 cxd4 4. Nxd4 e5 5. Nb3 Be6 6. Bg2 Nc6 7. O-O Be7 8. e4
Nf6 9. N1d2 O-O 10. exd5 Bxd5 11. Nf3 Qc7 12. c3 Rad8 13. Qe2 Nd7 14. Rd1 Nb6
15. Be3 f6 16. Bxb6 Qxb6 17. Rxd5 Rxd5 18. Ng5 fxg5 19. Bxd5+ Kh8 20. Re1 a5
21. Qe3 Qb5 22. Bxc6 Qxc6 23. Qxe5 Bd8 24. Nd4 Qb6 25. Qb5 Qf6 26. Qe2 Bb6 27.
Qe3 h5 28. Re2 h4 29. Qe5 Qg6 30. Qe4 Qh5 31. g4 Qf7 32. Qf5 Qg8 33. Qxg5 Qxa2
34. Qxh4+ Kg8 35. Qe7 Qb1+ 36. Kg2 Qg6 37. Qe6+ Qxe6 38. Nxe6 Rc8 39. f4 a4 40.
Rc2 Kf7 41. Ng5+ Kf6 42. Re2 Rc6 43. Ne4+ Ke6 44. Kf3 Kd5 45. Nd2 Bc7 46. h4 b5
47. Re3 Kc5 48. h5 b4 49. g5 b3 50. f5 Kd5 51. c4+ Kd4 52. f6 gxf6 53. g6 Rc5
54. h6 Rg5 55. Re4+ Kd3 56. Rg4 Kxd2 57. Rxg5 fxg5 58. g7 Kc2 59. g8=Q Kxb2 60.
Qg7+ 1-0

[Event "Le Vesinet-Rueil Malmaison"]
[Site "Le Vesinet"]
[Date "2007.12.16"]
[Round "4.8"]
[White "Wilson, Alexandra"]
[Black "Millet, Maud"]
[Result "1-0"]
[WhiteElo "2061"]
[BlackElo "1910"]
[PlyCount "109"]
[EventDate "2007.12.16"]
[SourceDate "2007.10.24"]

1. e4 d6 2. d4 Nf6 3. Nc3 Nbd7 4. Be3 e5 5. Qd2 Be7 6. f3 c6 7. g4 O-O 8. h4 b5
9. h5 Nb6 10. g5 Nfd7 11. d5 b4 12. Nd1 c5 13. Nh3 a5 14. Ndf2 Qc7 15. Ng4 c4
16. c3 bxc3 17. Qxc3 Nc5 18. Nhf2 Nca4 19. Qc2 Ra7 20. Rc1 Bxg4 21. Nxg4 Rc8
22. Qf2 Rb7 23. b3 Nc5 24. Be2 Qd8 25. g6 Bg5 26. gxh7+ Kh8 27. h6 g6 28. f4
exf4 29. Bxf4 Bf6 30. Qf3 Kxh7 31. O-O Bd4+ 32. Kg2 f5 33. exf5 gxf5 34. Be3
Bxe3 35. Qxf5+ Kh8 36. Nxe3 Qe7 37. Rf3 Rg8+ 38. Kh2 Ne4 39. Bxc4 Qh4+ 40. Rh3
Qf2+ 41. Qxf2 Nxf2 42. Rf3 Rh7 43. Rf6 Nd7 44. Rxd6 Ne4 45. Rc6 Ne5 46. Be2
Nxc6 47. Rxc6 Rd7 48. Bd3 Nd2 49. Rf6 Re8 50. Bb5 Ne4 51. Bxd7 Nxf6 52. Bxe8
Nxe8 53. Kg3 Kh7 54. Nf5 Kg6 55. Kf4 1-0

[Event "Lille-Henin Beaumont"]
[Site "Lille"]
[Date "2007.12.16"]
[Round "4.1"]
[White "Cappon, John"]
[Black "Petitcunot, Pierre"]
[Result "1/2-1/2"]
[WhiteElo "2223"]
[BlackElo "2383"]
[PlyCount "67"]
[EventDate "2007.12.16"]
[SourceDate "2007.10.24"]

1. e4 g6 2. d4 Bg7 3. Nc3 c6 4. f4 d5 5. e5 Nh6 6. Be3 f6 7. h3 Nf5 8. Bf2 Bh6
9. Qd2 fxe5 10. dxe5 Ng7 11. g4 Ne6 12. g5 Bf8 13. O-O-O Ng7 14. Nf3 Bf5 15.
Nd4 Qa5 16. h4 e6 17. a3 Nd7 18. h5 gxh5 19. Nxf5 Nxf5 20. Rxh5 Ng7 21. Rh6 Bc5
22. Bd3 O-O-O 23. Bxh7 Rhf8 24. Bxc5 Qxc5 25. Bd3 Nb6 26. Rf6 Rfe8 27. Bg6 Rf8
28. Qd4 Qxd4 29. Rxd4 Nd7 30. Rf7 Rxf7 31. Bxf7 Rh8 32. Rd1 Nf8 33. Ne2 Kd7 34.
Rg1 1/2-1/2

[Event "Lille-Henin Beaumont"]
[Site "Lille"]
[Date "2007.12.16"]
[Round "4.2"]
[White "Wallart, Adrien"]
[Black "Julve, Philippe"]
[Result "0-1"]
[WhiteElo "2162"]
[BlackElo "2224"]
[PlyCount "110"]
[EventDate "2007.12.16"]
[SourceDate "2007.10.24"]

1. c4 d6 2. Nc3 g6 3. Nf3 Bg7 4. g3 Nc6 5. Bg2 e5 6. d3 Nh6 7. Rb1 O-O 8. O-O
Nd4 9. b4 Nxf3+ 10. Bxf3 f5 11. Qb3 Kh8 12. b5 f4 13. Bb2 Nf5 14. Ne4 fxg3 15.
hxg3 Be6 16. Kg2 g5 17. Nd2 Qc8 18. Rh1 h6 19. e3 Ne7 20. d4 g4 21. Be4 c6 22.
bxc6 bxc6 23. Ba3 Rd8 24. Qb7 Rd7 25. Qxc8+ Rxc8 26. dxe5 dxe5 27. Rb2 Ng8 28.
Rc2 Nf6 29. Bg6 Rcd8 30. Nb3 Rd1 31. Rxd1 Rxd1 32. Na5 Nd7 33. Nxc6 Nb6 34. Na5
Bf6 35. c5 Nc8 36. Be4 h5 37. Nc6 Ra1 38. Nb4 a5 39. Nd5 Kg7 40. Bb2 Rxa2 41.
Nc3 a4 42. Nxa2 Bxa2 43. Bf5 Bb1 44. Bd3 e4 45. Bxf6+ Kxf6 46. Bxe4 a3 47. Rc4
a2 48. Ra4 Bxe4+ 49. Kf1 Bb1 50. Ke2 Ne7 51. Kd2 Ke5 52. Kc1 Nc6 53. Kb2 Kd5
54. Ra8 Nb4 55. Rh8 Nc2 0-1

[Event "Lille-Henin Beaumont"]
[Site "Lille"]
[Date "2007.12.16"]
[Round "4.3"]
[White "Roger, Mehdi"]
[Black "Friess, Nicolas"]
[Result "1-0"]
[WhiteElo "2205"]
[BlackElo "2199"]
[PlyCount "69"]
[EventDate "2007.12.16"]
[SourceDate "2007.10.24"]

1. e4 e6 2. d4 d5 3. Nc3 Nf6 4. e5 Nfd7 5. f4 c5 6. Nf3 Nc6 7. Be3 cxd4 8. Nxd4
Bc5 9. Qd2 O-O 10. O-O-O a6 11. Nb3 Bb4 12. a3 Be7 13. Bd3 b5 14. Ne2 b4 15. a4
Qc7 16. Kb1 f6 17. exf6 Bxf6 18. g4 Nb6 19. Bxb6 Qxb6 20. g5 Be7 21. Rdf1 Na5
22. Nxa5 Qxa5 23. Nd4 Bd6 24. Qe2 g6 25. Nxe6 Re8 26. f5 Ra7 27. Qf2 Rf7 28.
Qd4 gxf5 29. g6 hxg6 30. Nf4 Bxf4 31. Qxf4 Qxa4 32. Rhg1 Qc6 33. Qh6 Qc7 34.
Bxf5 Bxf5 35. Rxf5 {suite illisible} 1-0

[Event "Lille-Henin Beaumont"]
[Site "Lille"]
[Date "2007.12.16"]
[Round "4.4"]
[White "Rouze, Xavier"]
[Black "Bouhallel, Rabah"]
[Result "0-1"]
[WhiteElo "2050"]
[BlackElo "2287"]
[PlyCount "96"]
[EventDate "2007.12.16"]
[SourceDate "2007.10.24"]

1. Nc3 c5 2. e3 e6 3. b3 Nf6 4. Bb2 Be7 5. Be2 O-O 6. Nf3 Nc6 7. O-O d5 8. d4
cxd4 9. exd4 a6 10. Ne5 Qc7 11. Nxc6 Qxc6 12. Bd3 Bd7 13. Qf3 b5 14. a4 Qb6 15.
Rfd1 Rfc8 16. a5 Qc7 17. Ne2 b4 18. Rdc1 Qb7 19. c4 bxc3 20. Bxc3 Bb5 21. Bd2
Ne4 22. Bf4 Bb4 23. Ng3 Nxg3 24. hxg3 Rxc1+ 25. Rxc1 Bxd3 26. Qxd3 Bxa5 27. Qc2
Bb6 28. Qc3 h6 29. Be5 Qa7 30. Qc6 Rd8 31. Rd1 Ra8 32. Rc1 Kh8 33. Rc2 Rd8 34.
Rd2 a5 35. g4 f6 36. Bf4 Bxd4 37. Qxe6 Qc5 38. Qa6 Re8 39. Qd3 Bxf2+ 40. Kh2
Re4 41. Qf3 Bg1+ 42. Kh3 Be3 43. Re2 Bxf4 44. Rxe4 dxe4 45. Qxf4 e3 46. Qe4 Qe5
47. Qa8+ Kh7 48. Qd8 Qc3 0-1

[Event "Lille-Henin Beaumont"]
[Site "Lille"]
[Date "2007.12.16"]
[Round "4.5"]
[White "Israel, Gregory"]
[Black "Broutin, Philippe"]
[Result "1-0"]
[WhiteElo "2165"]
[BlackElo "2068"]
[PlyCount "65"]
[EventDate "2007.12.16"]
[SourceDate "2007.10.24"]

1. d4 f5 2. Bg5 h6 3. Bh4 g5 4. e3 Nf6 5. Bg3 d6 6. h4 Rg8 7. hxg5 hxg5 8. Nc3
e6 9. Be2 Qe7 10. Qd3 Bd7 11. f3 Nc6 12. a3 a6 13. e4 f4 14. Bf2 O-O-O 15. b4
d5 16. e5 Ne8 17. b5 axb5 18. Nxb5 b6 19. c4 dxc4 20. Qxc4 Na5 21. Qc2 Kb7 22.
Rh7 Rg7 23. Rxg7 Bxg7 24. Nh3 Bh6 25. Nc3 Bc6 26. Ne4 Qg7 27. Rb1 Qe7 28. Qd3
Rd5 29. Qa6+ Kb8 30. Qd3 Ka7 31. Nc3 Rd8 32. Qa6+ Kb8 33. Qxa5 1-0

[Event "Lille-Henin Beaumont"]
[Site "Lille"]
[Date "2007.12.16"]
[Round "4.6"]
[White "Bourgeois, Florian"]
[Black "Burgnies, Stephane"]
[Result "0-1"]
[WhiteElo "1770"]
[BlackElo "2164"]
[PlyCount "58"]
[EventDate "2007.12.16"]
[SourceDate "2007.10.24"]

1. e4 e5 2. Nf3 Nc6 3. Bc4 Bc5 4. c3 Nf6 5. d3 d6 6. O-O a6 7. Bb3 Ba7 8. Be3
O-O 9. Nbd2 Ne7 10. a4 Ng6 11. Nc4 Bb8 12. Qe2 h6 13. Rfd1 Nh5 14. Nfxe5 Nhf4
15. Bxf4 Nxf4 16. Qf3 dxe5 17. Nxe5 Qg5 18. Nxf7 Rxf7 19. Bxf7+ Kxf7 20. g3 c6
21. h4 Qg6 22. Re1 Bg4 23. Qe3 Bc7 24. Kh1 Qh5 25. e5 Ng6 26. d4 Nxh4 27. Qf4+
Nf5+ 28. Kg1 Bf3 29. e6+ Kf6 0-1

[Event "Lille-Henin Beaumont"]
[Site "Lille"]
[Date "2007.12.16"]
[Round "4.7"]
[White "Levaux, Christian"]
[Black "Meriaux, Maxime"]
[Result "1-0"]
[WhiteElo "2091"]
[BlackElo "1630"]
[PlyCount "109"]
[EventDate "2007.12.16"]
[SourceDate "2007.10.24"]

1. c4 Nf6 2. Nc3 e6 3. g3 Be7 4. Bg2 d5 5. d4 c6 6. Nf3 Nbd7 7. b3 O-O 8. O-O
Re8 9. Qc2 Bf8 10. Bb2 Qc7 11. e3 b6 12. cxd5 cxd5 13. Rfc1 Ne4 14. Nxe4 Qxc2
15. Rxc2 dxe4 16. Nd2 f5 17. Bf1 Nf6 18. Rac1 Nd5 19. Bb5 Rd8 20. Bc6 Rb8 21.
Bxd5 exd5 22. Nb1 Bb7 23. Ba3 a6 24. Bxf8 Kxf8 25. Rc7 Rbc8 26. Kg2 Ke8 27. g4
fxg4 28. Kg3 Rxc7 29. Rxc7 Rd7 30. Rxd7 Kxd7 31. Kxg4 Ke7 32. Nc3 b5 33. b4 Kf6
34. a4 Bc6 35. a5 Bb7 36. h4 h6 37. h5 Bc6 38. Kf4 Bb7 39. Ne2 Bc8 40. Nc1 Ke6
41. Nb3 Kd6 42. Nc5 Kc6 43. Ke5 Bg4 44. Ne6 Bxh5 45. Nxg7 Bf3 46. Kf6 h5 47.
Kg5 Be2 48. Nxh5 Kd7 49. Ng3 Bf3 50. Kf6 Kd6 51. Nf5+ Kc6 52. Ke5 Bd1 53. Ne7+
Kd7 54. Nxd5 Bc2 55. Nf6+ 1-0

[Event "Lille-Henin Beaumont"]
[Site "Lille"]
[Date "2007.12.16"]
[Round "4.8"]
[White "Belafkih, Kimia"]
[Black "Lebret, Loriane"]
[Result "0-1"]
[WhiteElo "1480"]
[BlackElo "1220"]
[PlyCount "138"]
[EventDate "2007.12.16"]
[SourceDate "2007.10.24"]

1. e4 e5 2. Nf3 Nc6 3. Bc4 Nf6 4. d3 Be7 5. O-O O-O 6. c3 d6 7. h3 Na5 8. Bb3
Nxb3 9. Qxb3 Rb8 10. Be3 a6 11. Rd1 Be6 12. Qc2 d5 13. Nxe5 Qd6 14. Nf3 dxe4
15. dxe4 Qc6 16. Nbd2 Rbd8 17. Nd4 Qd6 18. N2f3 Nd7 19. Bg5 f6 20. Bh4 Ne5 21.
Bg3 Nxf3+ 22. Nxf3 Qc6 23. Qe2 Bc5 24. Rd2 Bb6 25. Rad1 Rxd2 26. Rxd2 f5 27.
exf5 Bxf5 28. Qd1 Bxh3 29. Rd8 Be6 30. Rxf8+ Kxf8 31. Qd8+ Qe8 32. Qg5 Bxa2 33.
Qf5+ Kg8 34. Ng5 g6 35. Qf6 Qf8 36. Qxf8+ Kxf8 37. Nxh7+ Kg7 38. Ng5 Ba7 39.
Bxc7 b5 40. g3 Kf6 41. Nf3 Kf5 42. Nh4+ Kg5 43. Kh2 Bxf2 44. Kg2 Bc5 45. Bd8+
Kh6 46. Bc7 g5 47. Nf5+ Kg6 48. Nd4 b4 49. Ne2 Bc4 50. Nc1 Be3 51. Be5 Bxc1 52.
cxb4 Kf5 53. Bg7 Bd2 54. Bf8 Kg4 55. Kf2 a5 56. bxa5 Bxa5 57. Bg7 Bb6+ 58. Kg2
Bd5+ 59. Kh2 Bc7 60. b4 Bxg3+ 61. Kg1 Kf3 62. Bd4 Bd6 63. b5 Kg3 64. Bf2+ Kh3
65. b6 g4 66. Be3 g3 67. Kf1 g2+ 68. Kg1 Bh2+ 69. Kf2 g1=Q+ 0-1

[Event "Le Touquet-Neuville en Ferrain"]
[Site "Neuville en Ferrain"]
[Date "2007.12.16"]
[Round "4.1"]
[White "Roeder, Mathias"]
[Black "Degraeve, Jean Pierre"]
[Result "1-0"]
[WhiteElo "2452"]
[BlackElo "2134"]
[PlyCount "81"]
[EventDate "2007.12.16"]
[SourceDate "2007.10.24"]

1. Nf3 d5 2. c4 c6 3. e3 Nf6 4. Nc3 Nbd7 5. Qc2 e6 6. b3 Bd6 7. Bb2 O-O 8. Be2
Re8 9. O-O e5 10. cxd5 cxd5 11. Nb5 Bb8 12. Rac1 e4 13. Nfd4 Ne5 14. Nc7 Bxc7
15. Qxc7 Nc6 16. Qxd8 Nxd8 17. Nb5 Ne6 18. Nc7 Nxc7 19. Rxc7 Rd8 20. Bxf6 gxf6
21. Rfc1 Rb8 22. Re7 Be6 23. Rcc7 d4 24. h4 dxe3 25. dxe3 Rd2 26. Bc4 Bxc4 27.
bxc4 Rf8 28. Rxb7 Rxa2 29. Rxa7 Rxa7 30. Rxa7 Rc8 31. Ra4 Rc5 32. Kh2 Kg7 33.
Kg3 Kg6 34. Kf4 Rf5+ 35. Kxe4 Rxf2 36. c5 f5+ 37. Ke5 f6+ 38. Kd6 Re2 39. c6
Rxe3 40. c7 Rc3 41. Ra5 1-0

[Event "Le Touquet-Neuville en Ferrain"]
[Site "Neuville en Ferrain"]
[Date "2007.12.16"]
[Round "4.2"]
[White "Depoorter, Enguerran"]
[Black "Kohlweyer, Bernd"]
[Result "1/2-1/2"]
[WhiteElo "2426"]
[BlackElo "2200"]
[PlyCount "78"]
[EventDate "2007.12.16"]
[SourceDate "2007.10.24"]

1. e4 c5 2. Nf3 e6 3. d4 cxd4 4. Nxd4 Nf6 5. Bd3 Nc6 6. Nxc6 dxc6 7. Be3 e5 8.
h3 Bd6 9. O-O Qe7 10. Nc3 Bc5 11. Qf3 Nd7 12. Ne2 Bxe3 13. Qxe3 a5 14. c3 Qc5
15. Qg3 O-O 16. Kh1 a4 17. b4 axb3 18. axb3 Rxa1 19. Rxa1 Nb6 20. b4 Qd6 21.
Qe3 Qc7 22. Ng3 Be6 23. Kh2 Rd8 24. Ra5 f6 25. Ra7 Nc8 26. Ra8 Nd6 27. Rxd8+
Qxd8 28. Qc5 Kf7 29. Be2 g6 30. Bd3 Qe7 31. Kg1 Nc8 32. Qxe7+ Kxe7 33. Kf1 Kd6
34. Ke2 c5 35. bxc5+ Kxc5 36. Nf1 Nd6 37. Ne3 h6 38. h4 b5 39. g3 g5 1/2-1/2

[Event "Le Touquet-Neuville en Ferrain"]
[Site "Neuville en Ferrain"]
[Date "2007.12.16"]
[Round "4.3"]
[White "Maitesian, Sergei"]
[Black "Boudrenghien, Francois"]
[Result "1-0"]
[WhiteElo "2283"]
[BlackElo "2121"]
[PlyCount "133"]
[EventDate "2007.12.16"]
[SourceDate "2007.10.24"]

1. e4 d6 2. g3 e5 3. Bg2 Nf6 4. c3 Be7 5. d4 O-O 6. Nd2 Nc6 7. d5 Nb8 8. Ngf3
c6 9. c4 Na6 10. O-O cxd5 11. cxd5 Nc5 12. Qc2 a5 13. Re1 b6 14. Nb3 Nfd7 15.
Be3 Ba6 16. Bf1 Bxf1 17. Kxf1 Qc8 18. Kg2 Qb7 19. Nxc5 Nxc5 20. Bxc5 bxc5 21.
Nd2 Rfb8 22. Nc4 a4 23. Re3 Qd7 24. Ra3 Qb5 25. b3 axb3 26. axb3 Rxa3 27. Rxa3
Bf8 28. Qc3 g6 29. Qa5 Qb7 30. Qa4 Qc7 31. Qc6 Qe7 32. Nb6 Rd8 33. Nc8 Qf6 34.
Ra7 Kg7 35. Qc7 Kg8 36. Nb6 Kg7 37. Nd7 Qe7 38. Qc6 Qe8 39. Rc7 Be7 40. h4 Bf8
41. Nb6 Rb8 42. Nc8 Qd8 43. Nb6 Kg8 44. Nd7 Ra8 45. Nf6+ Kg7 46. Qb7 Qxc7 47.
Nh5+ gxh5 48. Qxc7 Ra2 49. Qd7 Rd2 50. Qf5 Rd4 51. Qg5+ Kh8 52. Qxh5 Kg8 53.
Qg4+ Bg7 54. h5 h6 55. Qf3 Bf8 56. g4 Bg7 57. Qf5 Rd3 58. g5 hxg5 59. Qxg5 f6
60. Qg6 Kf8 61. h6 Bh8 62. h7 Bg7 63. Qh6 Bxh6 64. h8=Q+ Ke7 65. Qxh6 Rxb3 66.
Qg7+ Ke8 67. Qc7 1-0

[Event "Le Touquet-Neuville en Ferrain"]
[Site "Neuville en Ferrain"]
[Date "2007.12.16"]
[Round "4.4"]
[White "Stevens, Christian"]
[Black "Therkildsen, Thomas"]
[Result "0-1"]
[WhiteElo "2135"]
[BlackElo "2298"]
[PlyCount "100"]
[EventDate "2007.12.16"]
[SourceDate "2007.10.24"]

1. e4 Nf6 2. Nc3 d5 3. e5 Nfd7 4. d4 c5 5. f4 cxd4 6. Qxd4 e6 7. Be3 Nc6 8. Qd2
a6 9. Nf3 Bc5 10. Bxc5 Nxc5 11. Bd3 b5 12. O-O b4 13. Ne2 Qb6 14. Qe3 Na4 15.
Qxb6 Nxb6 16. Ned4 Nxd4 17. Nxd4 Na4 18. b3 Nc5 19. a3 bxa3 20. Rxa3 Rb8 21.
Kf2 Rb6 22. Ra5 Nxd3+ 23. cxd3 f6 24. Rc5 O-O 25. Rfc1 fxe5 26. Nf3 Bd7 27.
Nxe5 Be8 28. Ke3 Rxb3 29. Rc7 Rb2 30. g3 Rxh2 31. Ra7 Rh3 32. Kf3 g5 33. Kg2
Rh5 34. g4 Rh4 35. fxg5 h6 36. g6 h5 37. g5 Rhf4 38. Rcc7 R8f5 39. Nf7 Rf2+ 40.
Kg1 Rf1+ 41. Kg2 R1f2+ 42. Kg1 Bxf7 43. gxf7+ Rxf7 44. Rxf7 Rxf7 45. Rxa6 Re7
46. Kf2 Kf7 47. Kg3 Kg6 48. Kh4 Kf5 49. Rb6 Ra7 50. g6 Ra1 0-1

[Event "Le Touquet-Neuville en Ferrain"]
[Site "Neuville en Ferrain"]
[Date "2007.12.16"]
[Round "4.5"]
[White "Flament, Frederic"]
[Black "Tupet, Guillaume"]
[Result "0-1"]
[WhiteElo "2153"]
[BlackElo "2031"]
[PlyCount "68"]
[EventDate "2007.12.16"]
[SourceDate "2007.10.24"]

1. d4 Nf6 2. Nf3 g6 3. c4 Bg7 4. Nc3 d6 5. Bf4 O-O 6. e3 Nfd7 7. Be2 e5 8. Bg5
Bf6 9. h4 Kg7 10. Qc2 h6 11. Bxf6+ Qxf6 12. h5 g5 13. Nd5 Qd8 14. O-O-O c6 15.
dxe5 cxd5 16. e6 Ne5 17. exf7 Rxf7 18. Nxe5 dxe5 19. Qg6+ Kf8 20. Qxh6+ Kg8 21.
Rxd5 Qf6 22. Qxf6 Rxf6 23. Rxe5 Rxf2 24. Rxg5+ Kh8 25. Bf3 Nc6 26. Rd1 Be6 27.
Rd6 Re8 28. Bxc6 bxc6 29. Rxc6 Bg8 30. Rh6+ Bh7 31. Rd5 Rxe3 32. Rd2 Re1+ 33.
Rd1 Rc2+ 34. Kb1 Rxd1# 0-1

[Event "Le Touquet-Neuville en Ferrain"]
[Site "Neuville en Ferrain"]
[Date "2007.12.16"]
[Round "4.6"]
[White "Bertrand, Xavier"]
[Black "Kieffer, Christian"]
[Result "1-0"]
[WhiteElo "2107"]
[BlackElo "2161"]
[PlyCount "71"]
[EventDate "2007.12.16"]
[SourceDate "2007.10.24"]

1. d4 g6 2. Nf3 Bg7 3. c3 d6 4. e4 Nf6 5. Qc2 O-O 6. Bg5 c5 7. dxc5 dxc5 8.
Nbd2 Nc6 9. Be2 h6 10. Be3 b6 11. h3 Qc7 12. O-O Nh5 13. Nh4 Nf4 14. Bc4 e6 15.
Rfe1 Bb7 16. Bf1 Rac8 17. a4 Qb8 18. Nc4 Ba6 19. Qc1 g5 20. Bxf4 gxf4 21. Nf3
Bxc4 22. Bxc4 Ne5 23. Nxe5 Qxe5 24. Qc2 Kh8 25. a5 f3 26. g3 Qh5 27. Bf1 Be5
28. Re3 Bf4 29. Rd3 c4 30. Rxf3 Qxf3 31. Be2 Qxe2 32. Qxe2 Bd6 33. axb6 axb6
34. Ra4 b5 35. Ra5 b4 36. Qd2 1-0

[Event "Le Touquet-Neuville en Ferrain"]
[Site "Neuville en Ferrain"]
[Date "2007.12.16"]
[Round "4.2"]
[White "Dehouck, Dimitri"]
[Black "Dessenne, Francois"]
[Result "0-1"]
[WhiteElo "1957"]
[BlackElo "2080"]
[PlyCount "144"]
[EventDate "2007.12.16"]
[SourceDate "2007.10.24"]

1. e4 c5 2. Nf3 Nc6 3. d4 cxd4 4. Nxd4 Nf6 5. Nc3 g6 6. Be3 Bg7 7. f3 O-O 8.
Qd2 d5 9. Nxc6 bxc6 10. e5 Nd7 11. f4 Nb6 12. Be2 Be6 13. O-O Rc8 14. Bc5 f6
15. exf6 Bxf6 16. Rae1 Rc7 17. Bd3 Qc8 18. Qf2 Bf5 19. Qe2 Kg7 20. h3 Bxd3 21.
Qxd3 Qf5 22. Bd4 Nc4 23. Nd1 Nd6 24. g4 Bxd4+ 25. Qxd4+ Qf6 26. Qxf6+ Rxf6 27.
Re5 Ne4 28. f5 gxf5 29. Rfxf5 Rxf5 30. Rxf5 e6 31. Rf3 Rf7 32. Re3 Kf6 33. Nc3
Nxc3 34. Rxc3 Rc7 35. Kf2 e5 36. Rf3+ Ke6 37. Rf8 Ke7 38. Rh8 Kd6 39. g5 a5 40.
h4 Rf7+ 41. Ke2 a4 42. Rd8+ Kc5 43. Rh8 Rb7 44. b3 axb3 45. axb3 Rf7 46. Re8 e4
47. Re6 {(1/2)} 47... Kb6 48. Rf6 Re7 49. c3 Kc5 50. Ke3 Kb5 51. Rf5 Rd7 52. h5
Rg7 53. Kf4 Re7 54. Ke3 Rg7 55. Kf4 Re7 56. Ke3 Kc5 57. c4 Kd6 58. Rf6+ Ke5 59.
cxd5 cxd5 60. Rf1 Rb7 61. Rb1 d4+ 62. Kd2 Rf7 63. b4 Rf2+ 64. Ke1 e3 65. g6
hxg6 66. hxg6 Rg2 67. Kf1 Rxg6 68. b5 Rb6 69. Ke2 Ke4 70. Rb4 Rh6 71. b6 Rh2+
72. Kf1 e2+ 0-1

[Event "Le Touquet-Neuville en Ferrain"]
[Site "Neuville en Ferrain"]
[Date "2007.12.16"]
[Round "4.8"]
[White "Warkentin, Sabine"]
[Black "Galaczy, Marie"]
[Result "1/2-1/2"]
[WhiteElo "1768"]
[BlackElo "1460"]
[PlyCount "116"]
[EventDate "2007.12.16"]
[SourceDate "2007.10.24"]

1. d4 e6 2. Nc3 d5 3. e4 c5 4. exd5 exd5 5. dxc5 d4 6. Ne4 Bf5 7. Bd3 Nd7 8.
Qe2 Be6 9. Nf3 Nxc5 10. Nxc5 Bxc5 11. Bb5+ Ke7 12. O-O a6 13. Bc4 Qb6 14. Ng5
Re8 15. Nxe6 fxe6 16. Qg4 Kf7 17. Qh5+ g6 18. Qe5 Ne7 19. Bg5 Ref8 20. Qf6+ Ke8
21. Qxe6 Qxe6 22. Bxe6 Bb4 23. Rad1 Nc6 24. a3 Be7 25. Bh6 Rf6 26. Bd5 Rd6 27.
Bb3 Kd7 28. Bf4 Rf6 29. Bg3 Rd8 30. Rd3 Kc8 31. Rfd1 Bc5 32. Bh4 Rff8 33. Bxd8
Rxd8 34. Be6+ Kb8 35. Kf1 Kc7 36. f4 Rd6 37. Bg4 Rf6 38. g3 Ne5 39. Bh3 Nxd3
40. Rxd3 Kd6 41. Ke2 Rf8 42. Bg2 Re8+ 43. Kd2 Kc7 44. h3 b5 45. b4 Bb6 46. Kd1
h6 47. Rd2 Re3 48. Rd3 Rxd3+ 49. cxd3 a5 50. Be4 g5 51. f5 Kd6 52. Ke2 Bd8 53.
Kd2 axb4 54. axb4 Be7 55. Kc2 Kc7 56. Kb3 Bd6 57. g4 Kb6 58. Bd5 Kc7 1/2-1/2

[Event "Club 608-Issy les Moulineaux"]
[Site "Issy les Moulineaux"]
[Date "2007.12.16"]
[Round "4.1"]
[White "Carlhammar, Magnus"]
[Black "Roser, Kevin"]
[Result "1/2-1/2"]
[WhiteElo "2349"]
[BlackElo "2400"]
[PlyCount "76"]
[EventDate "2007.12.16"]
[SourceDate "2007.10.24"]

1. Nf3 Nf6 2. g3 b5 3. Bg2 Bb7 4. Na3 b4 5. Nc4 c5 6. d4 cxd4 7. O-O g6 8. a3
bxa3 9. Rxa3 Bg7 10. Na5 Be4 11. Qxd4 O-O 12. Bg5 d5 13. Qd2 Re8 14. Rfa1 Nbd7
15. c3 Qc7 16. Bf4 e5 17. Bh6 Bxh6 18. Qxh6 Qb6 19. Qc1 Bxf3 20. exf3 e4 21.
Rb3 Qc5 22. Nb7 Qc7 23. fxe4 Nxe4 24. Qd1 Nb6 25. Na5 Qc5 26. Qd4 Qxd4 27. cxd4
Nf6 28. Nc6 Nc4 29. Rb7 Kg7 30. b3 Nd6 31. Rbxa7 Rxa7 32. Rxa7 Re1+ 33. Bf1 Rc1
34. Ne5 Rb1 35. Ra6 Nde4 36. Ra7 Nd6 37. Ra6 Nde4 38. Ra7 Nd6 1/2-1/2

[Event "Club 608-Issy les Moulineaux"]
[Site "Issy les Moulineaux"]
[Date "2007.12.16"]
[Round "4.2"]
[White "Geffroy, Laurent"]
[Black "Sohier, Julien"]
[Result "1/2-1/2"]
[WhiteElo "2241"]
[BlackElo "2259"]
[PlyCount "106"]
[EventDate "2007.12.16"]
[SourceDate "2007.10.24"]

1. d4 d5 2. c4 dxc4 3. Nf3 Nf6 4. e3 e6 5. Bxc4 c5 6. O-O a6 7. Bb3 b5 8. Qe2
Bb7 9. a4 b4 10. Nbd2 Nbd7 11. Rd1 Be7 12. Nc4 O-O 13. dxc5 Qc7 14. Nb6 Rad8
15. Nxd7 Nxd7 16. Bd2 Nxc5 17. Bc4 Qa5 18. Nd4 Rd7 19. f3 Rc7 20. Be1 Rfc8 21.
Bg3 Rd7 22. Rdc1 Rcd8 23. Be1 Bf6 24. Nb3 Nxb3 25. Bxb3 Rd3 26. Bc4 Rxe3 27.
Qc2 Bd4 28. Bf2 Re5 29. Bxd4 Rxd4 30. Bd3 g6 31. Qc7 Qxc7 32. Rxc7 Bxf3 33.
Bxa6 Bd5 34. Bf1 Rd2 35. a5 Rxb2 36. a6 Re3 37. a7 Ra3 38. Rc8+ Kg7 39. a8=Q
Bxa8 40. Rxa8 Rxa8 41. Rxa8 b3 42. Rb8 Kf6 43. Rb7 g5 44. Bc4 h5 45. Rxb3 Rxb3
46. Bxb3 Ke5 47. Kf2 h4 48. Kf3 f5 49. g4 hxg3 50. hxg3 g4+ 51. Ke3 Kf6 52. Ba4
e5 53. Bc6 Kg5 1/2-1/2

[Event "Club 608-Issy les Moulineaux"]
[Site "Issy les Moulineaux"]
[Date "2007.12.16"]
[Round "4.3"]
[White "Baillon, Olivier"]
[Black "Demarre, Jacques"]
[Result "1-0"]
[WhiteElo "2254"]
[BlackElo "2192"]
[PlyCount "69"]
[EventDate "2007.12.16"]
[SourceDate "2007.10.24"]

1. e4 e5 2. Nf3 Nc6 3. Nc3 g6 4. d4 exd4 5. Nxd4 Bg7 6. Be3 Nf6 7. Nxc6 bxc6 8.
e5 Nd5 9. Nxd5 cxd5 10. Qxd5 Rb8 11. O-O-O O-O 12. Bxa7 Bb7 13. Qc4 Ra8 14. Bc5
Re8 15. f4 d6 16. Bd4 Qh4 17. Bc3 dxe5 18. Rd7 Re7 19. Rxc7 Rxc7 20. Qxc7 Bd5
21. b3 Qxf4+ 22. Kb2 Qg4 23. Qd6 Be6 24. h3 Qg3 25. Qd3 Qf2 26. Qd2 Qa7 27. a4
Rc8 28. Kb1 Bf5 29. Bc4 Qb7 30. Ka2 Qc6 31. Bb2 Qc7 32. g4 Be4 33. Rf1 Rd8 34.
Rxf7 Qxc4 35. Qxd8+ 1-0

[Event "Club 608-Issy les Moulineaux"]
[Site "Issy les Moulineaux"]
[Date "2007.12.16"]
[Round "4.4"]
[White "Emmenecker, Philippe"]
[Black "Aguirre, Simon"]
[Result "0-1"]
[WhiteElo "2181"]
[BlackElo "2260"]
[PlyCount "50"]
[EventDate "2007.12.16"]
[SourceDate "2007.10.24"]

1. d4 Nf6 2. c4 g6 3. Nc3 d5 4. cxd5 Nxd5 5. e4 Nxc3 6. bxc3 Bg7 7. Nf3 c5 8.
Rb1 O-O 9. Be2 b6 10. h4 Bg4 11. Be3 Nc6 12. e5 cxd4 13. cxd4 Qd7 14. h5 Rfd8
15. hxg6 hxg6 16. Qd2 Rac8 17. Rd1 Bxf3 18. Bxf3 Qf5 19. Qe2 Nb4 20. Bg4 Nc2+
21. Kd2 Rxd4+ 22. Bxd4 Qf4+ 23. Be3 Qb4+ 24. Kc1 Na3+ 25. Bxc8 Qc3+ 0-1